Statistiques concernant Liens (pas piqués par des hannetons) entre les personnages de Harry Potter

Cliquez ici pour prendre le quiz!

Statistiques générales

  • Ce quiz a été pris 2 534 fois
    (2 120 depuis la dernière actualisation)
  • Le résultat moyen est 6 sur 10

Statistiques - réponses

HintAnswer% Correct
Qui est le fils de la soeur de la cousine du parrain du fils de James Potter ?Drago Malefoy
97%
Qui est le père du fils de la soeur de la mère du mari de la fille de Molly Weasley ?Vernon Dursley
77%
Qui est la fille de la belle-fille du père du beau-fils de la belle-mère d'Hermione ?Lily Luna Potter
64%
Qui est le frère du propriétaire du dragon récupéré par un des fils de Arthur Weasley ?Graup
59%
Qui est le frère du Directeur de Poudlard qui a été tué par l'amant éconduit par la tante de Dudley Dursley ?Abelforth Dumbledore
56%
Qui est l'ex de l'ex du mari de la mère des petits-enfants de la soeur de Pétunia Dursley ?Cedric Diggory
55%
Qui est la petite soeur de la femme du fils ainé de la femme qui a tué la soeur de la femme de Lucius Malfoy ?Gabrielle Delacour
55%
Qui est la mère du filleul du filleul du frère de celui qui a trouvé le médaillon de Salazar Serpentard ?Tonks
46%
Qui est la soeur de l'oncle du père des cousins des enfants du frère du mari de Fleur Weasley ?Marge Dursley
29%
Qui est l'arrière-petit-fils du père du père du frère de celui qui a travaillé pour le père de celui qui s'est fait passé pour Maugrey Fol'Oeil ?Hugo Weasley
29%

Distribution des résultats

Percentile par nombre de réponses

% des personnes avec chaque résultat

Votre développement - résultats

Vous n’avez pas pris ce quiz depuis la dernière actualisation